| 000 | 01337nam a22003497a 4500 | ||
|---|---|---|---|
| 001 | BR8102244 | ||
| 003 | BR-BrBNA | ||
| 005 | 20230928090938.0 | ||
| 007 | ta | ||
| 008 | 230509b bl.||||| |||| 00| 0 por d | ||
| 040 |
_aBR-BrBNA _bpor _cBiblioteca Nacional de Agricultura |
||
| 041 | _a(Por) | ||
| 072 |
_aF22; F27 _b/G514 |
||
| 090 | _ F22 BR8102244 | ||
| 100 | 1 | _aSousa, A. de P. | |
| 110 | 1 |
_aEscola Superior de Agricultura Luiz de Queiroz, Piracicaba, SP (Brasil) _0Tese (Doutor em Agronomia) |
|
| 245 | 1 | _aEfeito da unidade, inclinacao do disco e velocidade de aracao sobre algumas caracteristicas fisicas de um latossolo roxo [Fisica do solo; Compactacao do solo; Arado de disco; Trator de roda; Brasil] | |
| 246 | 1 | _a[Effect of moisture, disk inclination and plowing velocity on some physical characteristics of a purple latosol [Soil phisics; Soil compaction; Disk plow; Wheel tractor; Brazil]] | |
| 260 | 3 |
_aPiracicaba, SP (Brasil): _c1980. |
|
| 300 | _a51 p. | ||
| 500 | _a16 tables; Summaries (Eng, Por); 29 ref. | ||
| 650 | _aFisica do solo | ||
| 650 | _aCultivo do solo | ||
| 650 | _aSolo | ||
| 650 | _aArado de disco | ||
| 650 | _aUmidade do solo | ||
| 650 | _aCompactacao do solo | ||
| 650 | _aLatossolo roxo | ||
| 650 | _aTrator de roda | ||
| 909 |
_a202309 _bLucia _c55 _dLucia Elande |
||
| 942 | _cBK | ||
| 999 |
_c31395 _d31395 |
||